000
00361cam a2200169ua 4500
020
_c
0.75
041
_a
mal
_h
082
_a
894.8121
_b
BAS/NH
100
_a
Bhaskaran, P .
245
_a
Nhattuvela pookkal
260
_a
Thrissur :
_b
Current Books ,
_c
1963.
300
_a
; .
365
_a
0.75
504
_a
942
_c
BK
999
_c
4360
_d
4360